000 00535nam a2200181 i 4500
001 60959
003 ES-MaACL
005 20230906164335.0
007 t|
008 031107s1979 sp ||||1| spa d
245 0 4 _aLos estudios de Económicas y Empresariales.
260 _aMadrid :
_bFundación Universidad Empresa,
_c1979.
300 _a107, XLVII p. ;
_c24 cm.
490 1 _aMonografias profesionales ;
_v4
830 0 _aMonografias profesionales ;
_v4
_9182734
852 _aES-MaACL
_jC-18442
_bR.100322
999 _c60959
_d60959